| 000 | 00808nam a2200205Ia 4500 | ||
|---|---|---|---|
| 003 | GCL | ||
| 008 | 140319s9999 xx 000 0 ara d | ||
| 040 |
_aGCL / _cGCL |
||
| 082 | 0 | 4 |
_a001.6424 _bم ت |
| 100 | 1 | _aمجدى مقبول غريب | |
| 245 | 1 | 0 |
_aالتعامل مع Ms DOS نظام لتشغيل الحاسبات الشخصية / _cمجدى مقبول غريب |
| 700 | 1 | _aعبدالحليم عبدالعزيز مازى | |
| 260 |
_a[S.N] : _bدار المجد للدراسات والبحوث الهندسية ، _c1993 |
||
| 300 | _a296 ص | ||
| 490 |
_aسلسلة المهندس والحاسب الشخصى : كتب نظم _v0 |
||
| 650 | 0 | 4 | _aالحاسبات الالكترونية |
| 650 | 0 | 4 | _aدوس |
| 650 | 0 | 4 | _aبرامج الحاسبات الالكترونية |
| 942 |
_2ddc _cBK |
||
| 999 |
_c52728 _d52728 |
||